Statistics for Capitals of 'E' Countries

Click here to take the quiz!

General Stats

  • This quiz has been taken 342 times
  • The average score is 7 of 8

Answer Stats

CountryCapital% Correct
EstoniaTallinn
93%
EthiopiaAddis Ababa
92%
EcuadorQuito
91%
El SalvadorSan Salvador
85%
EgyptCairo
83%
EritreaAsmara
80%
East TimorDili
71%
Equatorial GuineaMalabo
62%

Score Distribution

Percentile by Number Answered

Percent of People with Each Score

Your Score History

You have not taken this quiz